000 01234cam a2200325 a 4500
001 16962744
003 OSt
005 20260207163305.0
008 110915s2012 dcu b 001 0 eng
010 _a 2011037930
020 _a9781589019133
_qpbk. : acid-free paper
035 _a16962744
040 _aDLC
_cDLC
_dDLC
042 _apcc
050 0 0 _aBX1795.S48
_bS249 2012
082 0 0 _a241/.664088282
_223
100 1 _aSalzman, Todd A.
245 1 0 _aSexual ethics :
_ba theological introduction /
_cTodd A. Salzman and Michael G. Lawler.
260 _aWashington, DC :
_bGeorgetown University Press,
_cc2012.
300 _axxix, 250 p. ;
_c22 cm.
504 _aIncludes bibliographical references and index.
610 2 0 _aCatholic Church
_xDoctrines.
650 0 _aSex
_xReligious aspects
_xCatholic Church.
650 0 _aSexual ethics.
700 1 _aLawler, Michael G.
906 _a7
_bcbc
_corignew
_d1
_eecip
_f20
_gy-gencatlg
942 _2lcc
_cBK
999 _c205396
_d205356